Livres au BAC de français 2026 - Mort subite - Statistiques

Statistiques générales
  • Ce quiz a été pris 151 fois
  • Le résultat moyen est 6 sur 12
Answers on the Grid
Answers color-coded by a green-red scale on the quiz's grid according to % correct below.
Étienne de La Boétie – Discours de la servitude volontaire
Bernard Le Bouyer de Fontenelle – Entretiens sur la pluralité des mondes
Françoise de Graffigny – Lettres d’une Péruvienne
Pierre Corneille – Le Menteur
Alfred de Musset – On ne badine pas avec l’amour
Nathalie Sarraute – Pour un oui ou pour un non
Arthur Rimbaud – Cahier de Douai
Francis Ponge – La rage de l’expression
Hélène Dorion – Mes forêts
Abbé Prévost – Manon Lescaut
Honoré de Balzac – La Peau de chagrin
Colette – Sido suivi de Les Vrilles de la vigne
Blaise Pascal – Pensées
Denis Diderot – Jacques le fataliste
Voltaire – Candide
Molière – L’École des femmes
Victor Hugo – Les Contemplations
Jean-Jacques Rousseau
Marivaux – Les Fausses Confidences
 
Statistiques - réponses
Réponse % Correct
Arthur Rimbaud – Cahier de Douai
83%
Alfred de Musset – On ne badine pas avec l’amour
79%
Étienne de La Boétie – Discours de la servitude volontaire
66%
Abbé Prévost – Manon Lescaut
63%
Honoré de Balzac – La Peau de chagrin
55%
Pierre Corneille – Le Menteur
50%
Hélène Dorion – Mes forêts
48%
Colette – Sido suivi de Les Vrilles de la vigne
44%
Françoise de Graffigny – Lettres d’une Péruvienne
44%
Nathalie Sarraute – Pour un oui ou pour un non
42%
Francis Ponge – La rage de l’expression
33%
Bernard Le Bouyer de Fontenelle – Entretiens sur la pluralité des mondes
25%
Aucun quiz correspondant
Distribution des résultats
% des personnes avec chaque résultat
Percentile par nombre de réponses
Votre historique - résultats
Vous n’avez pas pris ce quiz